La filosofía de la acción / (Record no. 132013)

MARC details
000 -LEADER
campo de control de longitud fija 00784nam a2200217 4500
001 - NÚMERO DE CONTROL
campo de control 132013
003 - IDENTIFICADOR DE NÚMERO DE CONTROL
campo de control ES-MaACL
005 - FECHA Y HORA DE LA ÚLTIMA TRANSACCIÓN
campo de control 20230906194104.0
007 - CAMPO FIJO DE DESCRIPCIÓN FÍSICA--INFORMACIÓN GENERAL
campo de control de longitud fija t|
008 - DATOS DE LONGITUD FIJA--INFORMACIÓN GENERAL
campo de control de longitud fija 070214s1943 sp r ||||1| spa d
100 1# - ENTRADA PRINCIPAL--NOMBRE DE PERSONA
Nombre de persona Roig Gironella, Juan.
9 (RLIN) 99014
245 13 - MENCIÓN DEL TÍTULO
Título La filosofía de la acción /
Mención de responsabilidad, etc. Juan Roig Gironella.
260 ## - PUBLICACIÓN, DISTRIBUCIÓN, ETC.
Lugar de publicación, distribución, etc. Madrid :
Nombre del editor, distribuidor, etc. [s.n.],
Fecha de publicación, distribución, etc. 1943.
300 ## - DESCRIPCIÓN FÍSICA
Extensión 326 p. ;
Dimensiones 25 cm.
490 1# - MENCIÓN DE SERIE
Mención de serie Publicaciones del Instituto Luis Vives. Serie B ;
Designación de volumen o secuencia 2
500 ## - NOTA GENERAL
Nota general Precede al Tit : Consejo Superior de Investigaciones Científicas, Instituto Filosófico Luis Vives.
710 2# - ENTRADA AGREGADA--NOMBRE DE ENTIDAD CORPORATIVA
Nombre de entidad corporativa o nombre de jurisdicción como elemento de entrada Instituto de Filosofía "Luis Vives"
9 (RLIN) 169712
830 0# - PUNTO DE ACCESO ADICIONAL DE SERIE-TÍTULO UNIFORME
Título uniforme Publicaciones del Instituto Luis Vives. Serie B ;
Designación de volumen o secuencia 2
9 (RLIN) 219625
852 ## - LOCALIZACIÓN
Ubicación ES-MaACL
Número de control de estantería F-16050
Sublocalización o colección R.20842
Holdings
Estatus retirado Estado de pérdida Estado de daño No para préstamo Biblioteca de origen Biblioteca actual Ubicación en estantería Fecha de adquisición Fuente de adquisición Total de préstamos Signatura topográfica completa Código de barras Visto por última vez Precio de reemplazo Tipo de ítem Koha
        Biblioteca del Ateneo de Madrid Biblioteca del Ateneo de Madrid Sala Pecera Planta 2 17/01/2008     F-16050 1137442 23/02/2023 23/02/2023 Libro impreso